000 00400 a2200169 4500
001 68819
020 _a851601942X
040 _cAnchieta - Itaigara
100 _aPorto, Cristina
240 1 0 _aArroz e Feijão em qualquer estação
_lpor
245 1 0 _aArroz e Feijão em qualquer estação
300 _a48
362 0 _a2007
440 1 _aModerna
650 4 _aLiteratura infantil
942 _cBK
999 _c68819
_d68819